Państwa z najczystrzym powietrzem - Statystyki

Ogólne statystyki
  • Ten quiz został rozwiązany 48 razy
  • Średni wynik to 7 z 10
Statystyki odpowiedzi
Miejsce Państwo % Poprawnych
2 Finlandia
93%
5 Norwegia
91%
1 Islandia
89%
4 Szwecja
89%
6 Nowa Zelandia
82%
7 Kanada
77%
8 Australia
66%
10 Stany Zjednoczone
52%
3 Estonia
48%
9 Ekawdor
0%
Nie znaleziono quizów pasujących do podanych kryteriów
Rozkład punktacji
Procent ludzi z każdym wynikiem
Percentyl według liczby udzielonych odpowiedzi
Twoja historia wyników
Nie rozwiązałeś tego quizu